000 00328 a2200109 4500
001 ART_6199
005 20260410161825.0
008 260409a
245 1 0 _aEl Gasto Público en la provincia de Buenos Aires 1914-1940
100 1 _aDegregori, Daniel
773 0 _tFACES
_g- Año 2, Nº 2 (jun. 1996)
_wREV5046
999 _c22716
_d22716